Tratado de patología y terapéutica vegetales (Record no. 63319)

MARC details
000 -LEADER
campo de control de longitud fija 00683nam a2200193 i 4500
001 - NÚMERO DE CONTROL
campo de control 63319
003 - IDENTIFICADOR DE NÚMERO DE CONTROL
campo de control ES-MaACL
005 - FECHA Y HORA DE LA ÚLTIMA TRANSACCIÓN
campo de control 20230906164827.0
007 - CAMPO FIJO DE DESCRIPCIÓN FÍSICA--INFORMACIÓN GENERAL
campo de control de longitud fija t|
008 - DATOS DE LONGITUD FIJA--INFORMACIÓN GENERAL
campo de control de longitud fija 031209s1930 sp ||||1| spa d
100 1# - ENTRADA PRINCIPAL--NOMBRE DE PERSONA
Nombre de persona Ferraris, Teodoro.
9 (RLIN) 50329
245 10 - MENCIÓN DEL TÍTULO
Título Tratado de patología y terapéutica vegetales
Resto del título : parásitos vegetales de las plantas cultivadas o útiles /
Mención de responsabilidad, etc. Teodoro Ferraris.
250 ## - MENCION DE EDICION
Mención de edición 1ª ed. española traducida de la 3ª italiana
Resto de la mención de edición por Miguel Benlloch y José del Cañizo.
260 ## - PUBLICACIÓN, DISTRIBUCIÓN, ETC.
Lugar de publicación, distribución, etc. Barcelona :
Nombre del editor, distribuidor, etc. Salvat,
Fecha de publicación, distribución, etc. 1930.
300 ## - DESCRIPCIÓN FÍSICA
Extensión 2 v. ;
Dimensiones 24 cm.
700 1# - ENTRADA AGREGADA--NOMBRE PERSONAL
Nombre de persona Benlloch, Miguel.
9 (RLIN) 27719
700 1# - ENTRADA AGREGADA--NOMBRE PERSONAL
Nombre de persona Cañizo, José del.
9 (RLIN) 34761
852 ## - LOCALIZACIÓN
Ubicación ES-MaACL
Número de control de estantería A-1640-41
Holdings
Estatus retirado Estado de pérdida Estado de daño No para préstamo Biblioteca de origen Biblioteca actual Ubicación en estantería Fecha de adquisición Fuente de adquisición Total de préstamos Signatura topográfica completa Código de barras Visto por última vez Precio de reemplazo Tipo de ítem Koha
        Biblioteca del Ateneo de Madrid Biblioteca del Ateneo de Madrid Sala Pecera Planta 1 17/01/2008     A-1640-41 1066371 23/02/2023 23/02/2023 Libro impreso